5 footballeurs les mieux valorisés par pays #1 - Statistiques

Statistiques générales
  • Ce quiz a été pris 417 fois
    406 depuis la dernière actualisation
  • Le résultat moyen est 26 sur 38
Statistiques - réponses
Valeur Club Joueur % Correct
180 M Real Madrid Kylian Mbappé
99%
100 M Real Madrid Eduardo Camavinga
93%
180 M Real Madrid Vinicius Junior
93%
100 M Real Madrid Aurélien Tchouaméni
91%
130 M Manchester City Rodri
89%
180 M Real Madrid Jude Bellingham
88%
110 M Real Madrid Rodrygo
88%
80 M Arsenal William Saliba
87%
120 M FC Barcelone Lamine Yamal
86%
60 M Paris Saint-Germain Achraf Hakimi
84%
80 m FC Barcelone Pedri
84%
100 M Bayern Munich Harry Kane
81%
150 M Manchester City Phil Foden
81%
65 M PSG | Chelsea | Inter Milan Bradley Barcola | Christopher Nkunku | Marcus Thuram
80%
90 M FC Barcelone Gavi
78%
70 M Athletic Bilbao Nico Williams
78%
110 M Inter Milan Lautaro Martínez
77%
140 M Arsenal Bukayo Saka
76%
130 M Bayer Leverkusen Florian Wirtz
76%
130 M Bayern Munich Jamal Musiala
71%
120 M Arsenal Declan Rice
70%
80 M Newcastle Bruno Guimarães
69%
75 M Arsenal Gabriel Magalhães
69%
75 M Chelsea Enzo Fernández
67%
90 M Atlético de Madrid Julián Alvarez
64%
50 M Bayern Munich Joshua Kimmich | Aleksandar Pavlovic
62%
75 M Arsenal Kai Havertz
62%
40 M Real Madrid Brahim Díaz
61%
75 M Liverpool Alexis Mac Allister
60%
80 M Inter Milan Nicolò Barella
60%
70 M Bayern Munich Leroy Sané
53%
30 M Leicester | Leverkusen | Man. U Bilal El Khannouss | Amine Adli | Noussair Mazraoui
43%
65 M Tottenham Cristian Romero
42%
45 M Atalanta | Tottenham | Arsenal Giorgio Scalvini | Destiny Udogie | Riccardo Calafiori
42%
70 M Inter Milan Alessandro Bastoni
40%
50 M Inter Milan Frederico Dimarco
38%
70 M Juventus Douglas Luiz
28%
35 M Real Sociedad Nayef Aguerd
17%
Aucun quiz correspondant
Distribution des résultats
% des personnes avec chaque résultat
Percentile par nombre de réponses
Votre historique - résultats
Vous n’avez pas pris ce quiz depuis la dernière actualisation